[Event "Helsingor Xtracon op"]
[Site "Helsingor"]
[Date "2017.07.27"]
[Round "7"]
[White "Kristiansen, Snorre"]
[Black "Nilssen, Ellen Fredericia"]
[Result "1/2-1/2"]
[WhiteElo "1699"]
[BlackElo "1948"]
[PlyCount "141"]
[EventDate "2017.07.22"]
[EventType "swiss"]
[EventRounds "10"]
[EventCountry "DEN"]
[SourceTitle "CBM 179 Extra"]
[Source "ChessBase"]
[SourceDate "2017.08.23"]
[SourceVersion "1"]
[SourceVersionDate "2017.08.23"]
[SourceQuality "1"]

1. e4 e6 2. d4 d5 3. Nc3 Bb4 4. Qd3 dxe4 5. Qxe4 Nf6 6. Qh4 c6 7. Nf3 Nbd7 8. Bd2 b6 9. Bd3 Bb7 10. 0-0-0 Qc7 11. Bf4 Bd6 12. Bxd6 Qxd6 13. Qg5 0-0-0 14. Ne5 Qf8 15. f4 g6 16. Rhe1 Ne8 17. Be4 Nb8 18. Qg3 Nd6 19. Bf3 Nf5 20. Qf2 f6 21. Nc4 Qb4 22. Be2 Rhe8 23. a3 Qe7 24. g4 Nd6 25. Nxd6+ Qxd6 26. Bc4 Ba6 27. Bxa6+ Nxa6 28. Ne4 Qe7 29. f5 exf5 30. Nc5 Qxe1 31. Rxe1 Rxe1+ 32. Qxe1 bxc5 33. Qe6+ Kc7 34. gxf5 cxd4 35. fxg6 hxg6 36. Qxf6 Rd6 37. Qe7+ Rd7 38. Qe5+ Rd6 39. Qa5+ Kb7 40. Qg5 Nc7 41. h4 Nd5 42. Qe5 Rf6 43. Qxd4 Rf4 44. Qg7+ Kb6 45. b3 Rxh4 46. Qxg6 Rf4 47. Qd3 Rf7 48. Kb2 Kb7 49. b4 Nb6 50. Qb3 Rf4 51. Qg8 Rd4 52. Kb3 Rd7 53. a4 a6 54. Qe6 Rc7 55. c4 Rg7 56. b5 axb5 57. axb5 cxb5 58. cxb5 Rc7 59. Qe4+ Kb8 60. Qg6 Kb7 61. Qe4+ Kb8 62. Qe5 Nd7 63. Qd6 Kc8 64. Kb4 Rb7 65. Ka5 Ra7+ 66. Kb4 Rb7 67. Kc4 Nb6+ 68. Kc5 Nd7+ 69. Kb4 Rc7 70. Qa6+ Kb8 71. Qh6 1/2-1/2

[Event "NOR-ch U12"]
[Site "Stavanger"]
[Date "2017.07.04"]
[Round "5"]
[White "Unneland, Mathias"]
[Black "Kristiansen, Snorre"]
[Result "1-0"]
[WhiteElo "1655"]
[BlackElo "1470"]
[PlyCount "131"]
[EventDate "2017.07.01"]
[EventType "swiss"]
[EventRounds "9"]
[EventCountry "NOR"]
[SourceTitle "EXT 2024"]
[Source "ChessBase"]
[SourceDate "2023.10.10"]
[SourceVersion "1"]
[SourceVersionDate "2023.10.10"]
[SourceQuality "1"]

1. e4 e6 2. d4 d5 3. Nc3 Nf6 4. Bg5 Bb4 5. e5 h6 6. Bxf6 gxf6 7. a3 Bxc3+ 8. bxc3 fxe5 9. dxe5 c5 10. Nf3 Nc6 11. c4 d4 12. g3 f6 13. exf6 Qxf6 14. Bg2 Bd7 15. Nd2 0-0-0 16. Rb1 Na5 17. 0-0 Bc6 18. Qh5 b6 19. Rfe1 Rhf8 20. Re2 Bxg2 21. Kxg2 Nc6 22. Rbe1 Rde8 23. Ne4 Qd8 24. Qxh6 Ne5 25. Nd2 Ng4 26. Qg7 Rg8 27. Qxa7 Qd6 28. Qa8+ Kc7 29. Qe4 Nf6 30. Qe5 Qxe5 31. Rxe5 Kd7 32. Ne4 Ng4 33. Rg5 Rxg5 34. Nxg5 Rf8 35. Nf3 Ra8 36. h3 Nf6 37. Ra1 Ne4 38. g4 Nd6 39. Ne5+ Ke7 40. f4 Ra4 41. g5 Nxc4 42. Nxc4 Rxc4 43. Ra2 Rc3 44. h4 Kf7 45. h5 c4 46. Rb2 d3 47. cxd3 Rb3 48. Rc2 cxd3 49. Rc7+ Kg8 50. g6 Rb5 51. h6 Rb2+ 52. Kg3 Rc2 53. Rd7 Rc8 54. Rxd3 Ra8 55. Kg4 Kf8 56. Rd6 Ke7 57. g7 Rg8 58. Rxb6 Kf6 59. f5 Ra8 60. Rxe6+ Kf7 61. Rg6 Kg8 62. h7+ Kxh7 63. g8Q+ Rxg8 64. Rxg8 Kh6 65. f6 Kh7 66. f7 1-0

[Event "Sandnes CC-ch D"]
[Site "Sandnes"]
[Date "2016.??.??"]
[Round "6"]
[White "Hansen, Odd Rune"]
[Black "Kristiansen, Snorre"]
[Result "1/2-1/2"]
[WhiteElo "1274"]
[BlackElo "1473"]
[PlyCount "26"]
[EventDate "2016.02.02"]
[EventType "tourn"]
[EventRounds "7"]
[EventCountry "NOR"]
[SourceTitle "EXT 2024"]
[Source "ChessBase"]
[SourceDate "2023.10.10"]
[SourceVersion "1"]
[SourceVersionDate "2023.10.10"]
[SourceQuality "1"]

1. f4 Nf6 2. Nf3 g6 3. d4 Bg7 4. e3 0-0 5. Bd3 d6 6. c4 Nbd7 7. Nc3 b6 8. 0-0 Bb7 9. b4 c5 10. b5 a6 11. a4 a5 12. Ra2 Ne8 13. Ne2 Nc7 1/2-1/2